Statistics for Tottenham Hotspur - Bayern Munich Champions League 2019-20

Click here to take the quiz!

General Stats

  • This quiz has been taken 27 times
  • The average score is 24 of 30

Answer Stats

Players % Correct
Hugo Lloris
100%
Harry Kane ¹
100%
Robert Lewandowski ²
100%
Jérôme Boateng
100%
Son Heung-min ¹
96%
Serge Gnabry ⁴
92%
Joshua Kimmich ¹
92%
Manuel Neuer
92%
David Alaba
92%
Toby Alderweireld
92%
Dele Alli
92%
Thiago Alcántara
88%
Jan Vertonghen
88%
Niklas Süle
81%
Mauricio Pochettino
81%
Kingsley Coman
81%
Benjamin Pavard
77%
Moussa Sissoko
77%
Lucas Moura
73%
Danny Rose
73%
Harry Winks
69%
Serge Aurier
69%
Philippe Coutinho
65%
Christian Eriksen
65%
Tanguy Ndombélé
65%
Niko Kovač
62%
Corentin Tolisso
58%
Javi Martínez
58%
Erik Lamela
54%
Ivan Perišić
23%

Score Distribution

Percentile by Number Answered

Percent of People with Each Score

Your Score History

You have not taken this quiz